Movies Quiz

Random Movies or Box Office Quiz

Highest-Grossing Films (Yearly) Quiz Stats

 Plays Quiz Updated Jan 12, 2021

Support Sporcle.
Go Orange.
Score 0/41 Timer 07:00
1 Play Today
Year Film % Correct
1997Titanic
86.9%
2019Avengers: Endgame
76.1%
2012The Avengers
67.8%
2008The Dark Knight
64.8%
2002Spider-Man
53.1%
2015Star Wars: The Force Awakens
49.4%
2003The Lord of the Rings: The Return of the King
47.8%
2017Star Wars: The Last Jedi
46%
2018Black Panther
44.6%
1980Star Wars Episode V: The Empire Strikes Back
44.1%
1983Star Wars Episode VI: Return of the Jedi
43.5%
1989Batman
42.7%
1999Star Wars Episode I: The Phantom Menace
38.3%
1982E.T. the Extra-Terrestrial
38%
2011Harry Potter and the Deathly Hallows Part 2
36.1%
1995Toy Story
35.1%
2005Star Wars Episode III: Revenge of the Sith
34.5%
2007Spider-Man 3
34.2%
1994Forrest Gump
32.7%
1993Jurassic Park
29.4%
2004Shrek 2
26.5%
Year Film % Correct
1981Raiders of the Lost Ark
26.1%
2009Avatar
23.8%
2001Harry Potter and the Sorcerer's Stone
23.5%
2016Rogue One: A Star Wars Story
23.2%
1996Independence Day
23.2%
1991Terminator 2: Judgment Day
19.2%
1998Saving Private Ryan
19.1%
1985Back to the Future
19.1%
2006Pirates of the Caribbean: Dead Man's Chest
18.8%
1986Top Gun
15.7%
2020Bad Boys for Life
14.7%
1992Aladdin
12.2%
1990Home Alone
10.4%
2010Toy Story 3
9.9%
1988Rain Man
9.5%
2013The Hunger Games: Catching Fire
9%
2014American Sniper
8.9%
1984Beverly Hills Cop
7.8%
2000Dr. Seuss' How the Grinch Stole Christmas
3.7%
1987Three Men and a Baby
3.6%

From the Vault

Angel Episodes

by meitme

There were 110 episodes of Angel, and not one of them featured a sparkly vampire.
Remove Ads.
Support Sporcle.
Get the best of Sporcle when you Go Orange. This ad-free experience offers more features, more stats, and more fun while also helping to support Sporcle. Thank you for becoming a member.

Show Comments

Extras

Top Quizzes Today


Score Distribution

Your Account Isn't Verified!

In order to create a playlist on Sporcle, you need to verify the email address you used during registration. Go to your Sporcle Settings to finish the process.

Report this User

Report this user for behavior that violates our Community Guidelines.

Details: